[Event "Magistral de Elgoibar"]
[Site "Elgoibar ESP"]
[Date "2008.12.12"]
[Round "1.2"]
[White "Gonzalez de la Torre, Santiago"]
[Black "Narayanan, Srinath"]
[Result "1/2-1/2"]
[WhiteElo "2382"]
[BlackElo "2412"]
[PlyCount "63"]
[EventDate "2008.12.12"]
[EventType "tourn"]
[EventRounds "9"]
[EventCountry "ESP"]
[EventCategory "10"]
[Source "lmi"]
[SourceDate "2008.12.12"]

1. e4 c5 2. Nf3 d6 3. d4 cxd4 4. Nxd4 Nf6 5. Nc3 g6 6. Be3 Bg7 7. f3 O-O 8. Qd2
Nc6 9. Bc4 Bd7 10. O-O-O Rc8 11. Bb3 Ne5 12. Kb1 Re8 13. h4 h5 14. Bh6 Nc4 15.
Bxc4 Rxc4 16. Bxg7 Kxg7 17. g4 hxg4 18. h5 Rh8 19. hxg6 fxg6 20. f4 e5 21. Nde2
Rxh1 22. Rxh1 Nxe4 23. Nxe4 Rxe4 24. fxe5 Rxe5 25. Qh6+ Kf7 26. Qh7+ Kf6 27.
Rf1+ Bf5 28. Qh4+ g5 29. Qh6+ Kf7 30. Qh7+ Kf6 31. Qh6+ Kf7 32. Qh7+ 1/2-1/2

[Event "Magistral de Elgoibar"]
[Site "Elgoibar ESP"]
[Date "2008.12.12"]
[Round "1.3"]
[White "Korneev, Oleg"]
[Black "Argandoña Rivero, Iñigo"]
[Result "1-0"]
[WhiteElo "2623"]
[BlackElo "2385"]
[PlyCount "107"]
[EventDate "2008.12.12"]
[EventType "tourn"]
[EventRounds "9"]
[EventCountry "ESP"]
[EventCategory "10"]
[Source "lmi"]
[SourceDate "2008.12.12"]

1. e4 e5 2. Nf3 d6 3. d4 exd4 4. Qxd4 Nc6 5. Bb5 Nge7 6. Bg5 a6 7. Bxc6+ Nxc6
8. Qd2 f6 9. Be3 Be6 10. Nc3 Qd7 11. O-O Be7 12. Nd5 O-O 13. Rfe1 Rae8 14. c4
Bd8 15. Nd4 Nxd4 16. Bxd4 f5 17. Bc3 fxe4 18. Rxe4 c6 19. Ne3 d5 20. cxd5 cxd5
21. Rd4 Bb6 22. Rd3 Rd8 23. Bd4 Bc7 24. Rc1 Bf4 25. g3 Bh6 26. Rcc3 Rc8 27. h4
Rxc3 28. Rxc3 Rc8 29. f4 g6 30. Rxc8+ Qxc8 31. Bc3 Qc5 32. a3 Bg7 33. Bxg7 Kxg7
34. b4 Qb6 35. Kh2 d4 36. Nc2 d3 37. Qc3+ Kf7 38. Nd4 Bf5 39. Kg2 Be4+ 40. Kf2
Qd6 41. Ke3 Qe7 42. Kd2 Bf5 43. Qc4+ Kf6 44. Qg8 Qd6 45. Qh8+ Kf7 46. Qxh7+ Kf6
47. Qh8+ Kf7 48. Nxf5 gxf5 49. Qe5 Qd7 50. h5 Qc8 51. Qd5+ Kg7 52. Qxd3 Kh6 53.
g4 Qc6 54. g5+ 1-0

[Event "Magistral de Elgoibar"]
[Site "Elgoibar ESP"]
[Date "2008.12.12"]
[Round "1.5"]
[White "Lariño Nieto, David"]
[Black "Mirzoev, Azer"]
[Result "0-1"]
[WhiteElo "2469"]
[BlackElo "2567"]
[PlyCount "66"]
[EventDate "2008.12.12"]
[EventType "tourn"]
[EventRounds "9"]
[EventCountry "ESP"]
[EventCategory "10"]
[Source "lmi"]
[SourceDate "2008.12.12"]

1. e4 e5 2. Nf3 Nc6 3. Bb5 a6 4. Bxc6 dxc6 5. O-O Qd6 6. Na3 Be6 7. c3 O-O-O 8.
Ng5 f6 9. Nxe6 Qxe6 10. Nc2 c5 11. Qf3 Ne7 12. Ne3 h5 13. b3 g5 14. g4 Ng6 15.
Qf5 Qxf5 16. gxf5 Nf4 17. f3 g4 18. Kf2 Bh6 19. fxg4 Nd3+ 20. Kg2 Nxc1 21.
Raxc1 Rxd2+ 22. Kf3 Rd3 23. g5 Bxg5 24. Rfe1 Rhd8 25. Rc2 b5 26. Ree2 Kb7 27.
Kf2 c6 28. Nf1 a5 29. Kg2 c4 30. bxc4 bxc4 31. Kf2 Kb6 32. a4 Kc5 33. Kg2 Rg8
0-1

[Event "Magistral de Elgoibar"]
[Site "Elgoibar ESP"]
[Date "2008.12.13"]
[Round "2.2"]
[White "Cruz, Cristhian"]
[Black "Lariño Nieto, David"]
[Result "1-0"]
[WhiteElo "2534"]
[BlackElo "2469"]
[PlyCount "49"]
[EventDate "2008.12.12"]
[EventType "tourn"]
[EventRounds "9"]
[EventCountry "ESP"]
[EventCategory "10"]
[Source "lmi"]
[SourceDate "2008.12.12"]

1. d4 e6 2. c4 d5 3. Nc3 c5 4. cxd5 exd5 5. Nf3 Nc6 6. g3 Nf6 7. Bg2 Be7 8. O-O
O-O 9. Bg5 cxd4 10. Nxd4 h6 11. Be3 Bg4 12. h3 Be6 13. Rc1 Qd7 14. Kh2 Rfd8 15.
Nxc6 bxc6 16. Na4 Bf5 17. Bc5 Rac8 18. Qd4 Rc7 19. Rfd1 Re8 20. Bxe7 Qxe7 21.
Nc5 Ne4 22. e3 Qg5 23. Nxe4 Bxe4 24. Rc5 h5 25. Bxe4 1-0

[Event "Magistral de Elgoibar"]
[Site "Elgoibar ESP"]
[Date "2008.12.13"]
[Round "2.4"]
[White "Narayanan, Srinath"]
[Black "Korneev, Oleg"]
[Result "0-1"]
[WhiteElo "2412"]
[BlackElo "2623"]
[PlyCount "136"]
[EventDate "2008.12.12"]
[EventType "tourn"]
[EventRounds "9"]
[EventCountry "ESP"]
[EventCategory "10"]
[Source "lmi"]
[SourceDate "2008.12.12"]

1. e4 e5 2. Nf3 Nc6 3. Bc4 Bc5 4. c3 Nf6 5. d3 a6 6. O-O Ba7 7. Bb3 d6 8. Re1
O-O 9. h3 h6 10. Nbd2 Nh5 11. Nf1 Qf6 12. Be3 Bxe3 13. Nxe3 Nf4 14. Nd5 Nxd5
15. exd5 Ne7 16. d4 Ng6 17. dxe5 dxe5 18. Bc2 Bf5 19. Bxf5 Qxf5 20. Qb1 Qxb1
21. Raxb1 f6 22. g3 Rfd8 23. c4 c6 24. dxc6 bxc6 25. Rbd1 Rab8 26. b3 a5 27.
Nd2 Nf8 28. Ne4 Ne6 29. Kg2 Kf8 30. Nd6 Nd4 31. c5 a4 32. bxa4 Ra8 33. a5 Ne6
34. Nc4 Rd5 35. Nb6 Rxd1 36. Rxd1 Rxa5 37. Rd6 Nd4 38. a4 Ke8 39. Rd7 Ne6 40.
Rd6 Nxc5 41. Rxc6 Nxa4 42. Rc8+ Ke7 43. Nxa4 Rxa4 44. Rc7+ Kf8 45. h4 h5 46.
Rd7 Kg8 47. Rc7 Kh7 48. Rb7 Kg6 49. Rc7 Ra8 50. Rb7 Rf8 51. Kf3 Rf7 52. Rb6 Kf5
53. Rb8 Ra7 54. Rg8 g6 55. Rf8 Ra3+ 56. Ke2 e4 57. Rb8 Kg4 58. Rb6 Rf3 59. Re6
Kh3 60. Rxe4 Kg2 61. g4 Rxf2+ 62. Ke3 Rf3+ 63. Ke2 f5 64. gxf5 gxf5 65. Re8 f4
66. Re5 Rg3 67. Rf5 f3+ 68. Ke3 Rg8 0-1

[Event "Magistral de Elgoibar"]
[Site "Elgoibar ESP"]
[Date "2008.12.13"]
[Round "2.5"]
[White "Pena Gomez, Manuel"]
[Black "Gonzalez de la Torre, Santiago"]
[Result "1-0"]
[WhiteElo "2467"]
[BlackElo "2382"]
[PlyCount "69"]
[EventDate "2008.12.12"]
[EventType "tourn"]
[EventRounds "9"]
[EventCountry "ESP"]
[EventCategory "10"]
[Source "lmi"]
[SourceDate "2008.12.12"]

1. c4 e5 2. a3 Nf6 3. e3 d6 4. Nc3 g6 5. g3 Bg7 6. Bg2 O-O 7. Nge2 Re8 8. O-O
e4 9. Qc2 Qe7 10. Nd5 Nxd5 11. cxd5 c5 12. Nc3 Bf5 13. b4 Nd7 14. Bb2 Nf6 15.
Qb3 h5 16. h3 b6 17. Kh2 h4 18. Rac1 Rad8 19. Ne2 hxg3+ 20. fxg3 Bc8 21. Rf4 g5
22. Bxf6 Bxf6 23. Rxe4 Qd7 24. Rxe8+ Rxe8 25. Nc3 Kg7 26. Qa4 Qe7 27. Ne4 Be5
28. bxc5 bxc5 29. d4 Rh8 30. dxe5 Qxe5 31. Rf1 Bxh3 32. Bxh3 g4 33. Nf2 Rxh3+
34. Nxh3 Qh5 35. Qf4 1-0

[Event "Magistral de Elgoibar"]
[Site "Elgoibar ESP"]
[Date "2008.12.13"]
[Round "3.1"]
[White "Gonzalez de la Torre, Santiago"]
[Black "Paunovic, Dragan"]
[Result "0-1"]
[WhiteElo "2382"]
[BlackElo "2532"]
[PlyCount "80"]
[EventDate "2008.12.12"]
[EventType "tourn"]
[EventRounds "9"]
[EventCountry "ESP"]
[EventCategory "10"]
[Source "lmi"]
[SourceDate "2008.12.12"]

1. e4 c5 2. Nf3 e6 3. d4 cxd4 4. Nxd4 a6 5. c4 Nf6 6. Nc3 Bb4 7. Qf3 d6 8. Nc2
Bxc3+ 9. Qxc3 O-O 10. f3 b5 11. Bf4 bxc4 12. O-O-O d5 13. Bxc4 Bb7 14. Bb3 Nc6
15. exd5 Nxd5 16. Bxd5 exd5 17. Kb1 Rc8 18. h4 Re8 19. Qd3 h6 20. h5 Qf6 21.
Be3 Ne5 22. Qb3 Qf5 23. g4 Qd7 24. Nd4 Bc6 25. Rc1 Ba4 26. Qb4 Nd3 27. Qd2
Rxc1+ 28. Rxc1 Nxc1 29. Qxc1 Qc8 30. Qd2 Qc4 31. b3 Qf1+ 32. Kb2 Bb5 33. Kc3 a5
34. Kb2 a4 35. Kc3 axb3 36. axb3 Qa1+ 37. Kb4 Bd7 38. Bf4 Rc8 39. Ne2 Qa7 40.
Qd4 Qb7+ 0-1

[Event "Magistral de Elgoibar"]
[Site "Elgoibar ESP"]
[Date "2008.12.13"]
[Round "3.3"]
[White "Franco Alonso, Alejandro"]
[Black "Narayanan, Srinath"]
[Result "1/2-1/2"]
[WhiteElo "2490"]
[BlackElo "2412"]
[PlyCount "95"]
[EventDate "2008.12.12"]
[EventType "tourn"]
[EventRounds "9"]
[EventCountry "ESP"]
[EventCategory "10"]
[Source "lmi"]
[SourceDate "2008.12.12"]

1. d4 Nf6 2. c4 e6 3. Nf3 b6 4. g3 Ba6 5. b3 Bb4+ 6. Bd2 Be7 7. Bg2 c6 8. Bc3
d5 9. Nbd2 O-O 10. O-O Nbd7 11. Re1 Rc8 12. e4 Nxe4 13. Nxe4 dxe4 14. Rxe4 c5
15. Re3 Bf6 16. Qe2 Bb7 17. Rd1 cxd4 18. Bxd4 Bxd4 19. Rxd4 Qc7 20. Red3 Nc5
21. Rd1 a5 22. Ne5 Bxg2 23. Kxg2 Rfd8 24. Qd2 Rxd4 25. Qxd4 f6 26. Nd7 a4 27.
Nxc5 bxc5 28. Qe4 Qc6 29. Rd8+ Kf7 30. Qxc6 Rxc6 31. Rb8 axb3 32. axb3 Rd6 33.
Rb7+ Kg6 34. Rb5 Rd3 35. Kf1 e5 36. Ke2 e4 37. Rxc5 Rxb3 38. h4 h5 39. Rc7 Rc3
40. c5 Kf5 41. c6 g6 42. Rc8 Rc1 43. c7 Rc2+ 44. Ke3 Rc4 45. Kd2 Rc6 46. Ke2
Rc2+ 47. Ke3 Rc4 48. Ke2 1/2-1/2

[Event "Magistral de Elgoibar"]
[Site "Elgoibar ESP"]
[Date "2008.12.13"]
[Round "3.4"]
[White "Lariño Nieto, David"]
[Black "Argandoña Rivero, Iñigo"]
[Result "1-0"]
[WhiteElo "2469"]
[BlackElo "2385"]
[PlyCount "89"]
[EventDate "2008.12.12"]
[EventType "tourn"]
[EventRounds "9"]
[EventCountry "ESP"]
[EventCategory "10"]
[Source "lmi"]
[SourceDate "2008.12.12"]

1. c4 Nf6 2. Nf3 c6 3. Nc3 d5 4. d4 g6 5. Qb3 Bg7 6. cxd5 Nxd5 7. e4 Nb6 8. Be3
O-O 9. Rd1 Be6 10. d5 cxd5 11. exd5 Bg4 12. Be2 N8d7 13. O-O Nc8 14. Ne4 Nd6
15. Nxd6 exd6 16. Qb4 Ne5 17. Nd4 Bxe2 18. Nxe2 Rc8 19. b3 Rc2 20. Rd2 Rxd2 21.
Qxd2 a6 22. Rc1 Ng4 23. Bg5 Qb6 24. Qf4 Ne5 25. Qe3 Qa5 26. Qd2 Qxd2 27. Bxd2
Re8 28. Kf1 Bf8 29. Rc7 Re7 30. Rc8 Kg7 31. Bc3 f6 32. Nf4 Kf7 33. Bb4 Bh6 34.
Ne6 Rxe6 35. dxe6+ Kxe6 36. Rc7 b5 37. g3 Nd3 38. Ba3 Kd5 39. Ke2 Kd4 40. Rxh7
b4 41. Rxh6 bxa3 42. Rh4+ Kc3 43. Rc4+ Kb2 44. Kxd3 Kxa2 45. Ke4 1-0

[Event "Magistral de Elgoibar"]
[Site "Elgoibar ESP"]
[Date "2008.12.14"]
[Round "4.3"]
[White "Narayanan, Srinath"]
[Black "Lariño Nieto, David"]
[Result "0-1"]
[WhiteElo "2412"]
[BlackElo "2469"]
[PlyCount "64"]
[EventDate "2008.12.12"]
[EventType "tourn"]
[EventRounds "9"]
[EventCountry "ESP"]
[EventCategory "10"]
[Source "lmi"]
[SourceDate "2008.12.12"]

1. e4 d5 2. exd5 Qxd5 3. Nc3 Qe5+ 4. Be2 c6 5. Nf3 Qc7 6. d4 Nf6 7. Bg5 Bg4 8.
Ne5 Bxe2 9. Qxe2 e6 10. O-O-O Bb4 11. Rd3 Nbd7 12. Nxd7 Qxd7 13. Bxf6 gxf6 14.
d5 Bxc3 15. Rxc3 Qxd5 16. Rd1 Qg5+ 17. Kb1 Rd8 18. Rcd3 Rxd3 19. Rxd3 Qxg2 20.
Qd1 Kf8 21. a3 h5 22. h4 Qg4 23. Qd2 Qxh4 24. b3 e5 25. Qa5 Qxf2 26. Qc7 Kg7
27. Qd7 e4 28. Rd2 Qf3 29. Qe7 h4 30. Rd7 Rf8 31. Rd4 h3 32. Qc7 Qg2 0-1

[Event "Magistral de Elgoibar"]
[Site "Elgoibar ESP"]
[Date "2008.12.14"]
[Round "4.4"]
[White "Pena Gomez, Manuel"]
[Black "Franco Alonso, Alejandro"]
[Result "1-0"]
[WhiteElo "2467"]
[BlackElo "2490"]
[PlyCount "73"]
[EventDate "2008.12.12"]
[EventType "tourn"]
[EventRounds "9"]
[EventCountry "ESP"]
[EventCategory "10"]
[Source "lmi"]
[SourceDate "2008.12.12"]

1. c4 e6 2. Nc3 Nf6 3. e4 d5 4. e5 d4 5. exf6 dxc3 6. bxc3 Qxf6 7. d4 Bd6 8.
Nf3 h6 9. Bd3 Nd7 10. Qe2 Rb8 11. c5 Bxc5 12. O-O Bd6 13. c4 b6 14. Bb2 O-O 15.
Rae1 Bb7 16. d5 e5 17. Nd2 Bc5 18. Ne4 Qe7 19. Ng3 g6 20. Qg4 Bc8 21. Bc1 h5
22. Nxh5 Nf6 23. Nxf6+ Qxf6 24. Qg3 Bd6 25. Bb2 Qf4 26. Bxe5 Qxg3 27. fxg3 Bxe5
28. Rxe5 Bd7 29. Re7 Rbd8 30. Rf6 a5 31. Bc2 a4 32. a3 b5 33. Bd3 c6 34. cxb5
cxd5 35. Kf2 Be6 36. Bxg6 Kg7 37. Rfxe6 1-0

[Event "Magistral de Elgoibar"]
[Site "Elgoibar ESP"]
[Date "2008.12.15"]
[Round "5.2"]
[White "Franco Alonso, Alejandro"]
[Black "Gonzalez de la Torre, Santiago"]
[Result "1/2-1/2"]
[WhiteElo "2490"]
[BlackElo "2382"]
[PlyCount "63"]
[EventDate "2008.12.12"]
[EventType "tourn"]
[EventRounds "9"]
[EventCountry "ESP"]
[EventCategory "10"]
[Source "lmi"]
[SourceDate "2008.12.12"]

1. d4 d5 2. c4 c6 3. Nf3 Nf6 4. Nc3 e6 5. Bg5 dxc4 6. e4 b5 7. e5 h6 8. Bh4 g5
9. Nxg5 hxg5 10. Bxg5 Nbd7 11. g3 Bb7 12. Bg2 Qb6 13. exf6 O-O-O 14. O-O Bh6
15. Be3 Nxf6 16. Qf3 Bxe3 17. fxe3 Rh6 18. a4 a6 19. a5 Qc7 20. Qf4 Rdh8 21.
Qxc7+ Kxc7 22. Rf4 Nd7 23. Rxf7 Rxh2 24. Ne4 R8h7 25. Raf1 Rxg2+ 26. Kxg2 c5
27. R7f4 Nf6 28. Rxf6 Bxe4+ 29. Kf2 Rh2+ 30. Ke1 Rxb2 31. Rxe6 Rb1+ 32. Kf2
1/2-1/2

[Event "Magistral de Elgoibar"]
[Site "Elgoibar ESP"]
[Date "2008.12.15"]
[Round "5.4"]
[White "Mirzoev, Azer"]
[Black "Narayanan, Srinath"]
[Result "0-1"]
[WhiteElo "2567"]
[BlackElo "2412"]
[PlyCount "124"]
[EventDate "2008.12.12"]
[EventType "tourn"]
[EventRounds "9"]
[EventCountry "ESP"]
[EventCategory "10"]
[Source "lmi"]
[SourceDate "2008.12.12"]

1. Nf3 c5 2. b3 Nc6 3. Bb2 d5 4. e3 a6 5. Be2 d4 6. O-O Nf6 7. Re1 e6 8. a4 Bd6
9. exd4 cxd4 10. c3 dxc3 11. dxc3 O-O 12. Nbd2 e5 13. Nc4 Bc7 14. Qc2 Be6 15.
Ng5 Qc8 16. Bd3 g6 17. Nxe6 Qxe6 18. Nd2 Rfd8 19. Rad1 Rac8 20. Bc4 Qg4 21. h3
Qf4 22. Bf1 Bb8 23. g3 Qg5 24. Nf3 Qh5 25. Rxd8+ Rxd8 26. Nd2 Ba7 27. Bc1 Kg7
28. Bg2 Rc8 29. g4 Qh4 30. Nf3 Qg3 31. Kf1 Nb4 32. Qxg6+ hxg6 33. fxg3 Nd3 34.
Rd1 e4 35. Ne1 Nxc1 36. Rxc1 Rd8 37. Ke2 Bb8 38. g5 Nh5 39. Bxe4 Nxg3+ 40. Kf3
Nf1 41. Bxb7 Nd2+ 42. Ke2 Nxb3 43. Rd1 Re8+ 44. Kf3 Nc5 45. Bc6 Re6 46. Bd5 Re5
47. h4 Nxa4 48. c4 Nc3 49. Ra1 a5 50. Bb7 Ba7 51. Ng2 Rf5+ 52. Kg4 a4 53. Ra3
Nd1 54. Bf3 Bc5 55. Ra1 Nf2+ 56. Kg3 Nd3 57. Ne1 Bf2+ 58. Kg2 Bxe1 59. Rxa4
Bxh4 60. Be4 Rxg5+ 61. Kf3 Rg3+ 62. Ke2 Nc5 0-1

[Event "Magistral de Elgoibar"]
[Site "Elgoibar ESP"]
[Date "2008.12.15"]
[Round "5.5"]
[White "Cruz, Cristhian"]
[Black "Argandoña Rivero, Iñigo"]
[Result "1-0"]
[WhiteElo "2534"]
[BlackElo "2385"]
[PlyCount "95"]
[EventDate "2008.12.12"]
[EventType "tourn"]
[EventRounds "9"]
[EventCountry "ESP"]
[EventCategory "10"]
[Source "lmi"]
[SourceDate "2008.12.12"]

1. d4 d5 2. c4 c6 3. Nf3 Nf6 4. Nc3 g6 5. e3 Bg7 6. h3 O-O 7. Bd3 e6 8. O-O
Nbd7 9. b3 Re8 10. Bb2 b6 11. Qe2 Bb7 12. Rfd1 Qc7 13. Rac1 Rad8 14. b4 dxc4
15. Bxc4 Qb8 16. e4 c5 17. dxc5 bxc5 18. b5 Nxe4 19. Nxe4 Bxe4 20. Bxg7 Bxf3
21. Qxf3 Kxg7 22. Bf1 Qc7 23. Qc6 Qxc6 24. bxc6 Nb6 25. Rxd8 Rxd8 26. Ba6 Na8
27. Rxc5 Nc7 28. Bb7 Rd5 29. Rc4 Kf6 30. Kf1 Ke7 31. Ra4 a5 32. Ke2 Kd6 33. Ke3
e5 34. f4 f5 35. fxe5+ Rxe5+ 36. Kf2 Ne6 37. Rh4 h5 38. g4 Re4 39. c7 Rf4+ 40.
Kg3 Kxc7 41. Bd5 hxg4 42. hxg4 Kd6 43. Bxe6 g5 44. Bxf5 Ra4 45. Rh6+ Kd5 46.
Be6+ Ke5 47. Bb3 Ra3 48. Rg6 1-0

[Event "Magistral de Elgoibar"]
[Site "Elgoibar ESP"]
[Date "2008.12.18"]
[Round "8.1"]
[White "Paunovic, Dragan"]
[Black "Narayanan, Srinath"]
[Result "1-0"]
[WhiteElo "2532"]
[BlackElo "2412"]
[PlyCount "71"]
[EventDate "2008.12.12"]
[EventType "tourn"]
[EventRounds "9"]
[EventCountry "ESP"]
[EventCategory "10"]
[Source "lmi"]
[SourceDate "2008.12.12"]

1. Nf3 c5 2. g3 Nc6 3. Bg2 e5 4. d3 Nf6 5. O-O d5 6. c3 Be7 7. e4 dxe4 8. dxe4
Qxd1 9. Rxd1 Nxe4 10. Nxe5 Nxe5 11. Bxe4 Bg4 12. Rd5 Nc6 13. Be3 Be6 14. Rd2
Rc8 15. Na3 a6 16. Bd5 b5 17. Bxe6 fxe6 18. Kg2 c4 19. Nc2 Kf7 20. a4 Ne5 21.
axb5 axb5 22. Nd4 Nd3 23. b4 Ra8 24. Rda2 Rxa2 25. Rxa2 Bf6 26. Nxb5 Rb8 27.
Ra7+ Kg6 28. Nd4 Nb2 29. Rc7 Ra8 30. Kf3 Ra3 31. Ke4 Rxc3 32. Nxe6 Rb3 33. g4
Bh4 34. Nf8+ Kf6 35. Bd4+ Kg5 36. Rxg7+ 1-0

[Event "Magistral de Elgoibar"]
[Site "Elgoibar ESP"]
[Date "2008.12.18"]
[Round "8.3"]
[White "Gonzalez de la Torre, Santiago"]
[Black "Cruz, Cristhian"]
[Result "1/2-1/2"]
[WhiteElo "2382"]
[BlackElo "2534"]
[PlyCount "60"]
[EventDate "2008.12.12"]
[EventType "tourn"]
[EventRounds "9"]
[EventCountry "ESP"]
[EventCategory "10"]
[Source "lmi"]
[SourceDate "2008.12.12"]

1. e4 c5 2. Nf3 d6 3. d4 Nf6 4. Nc3 cxd4 5. Nxd4 a6 6. Bc4 e6 7. Bb3 b5 8. O-O
Be7 9. Qf3 Qc7 10. Qg3 O-O 11. Bh6 Ne8 12. Rad1 Bd7 13. a3 Nc6 14. Nf3 Kh8 15.
Bf4 Rd8 16. Rd3 Nb4 17. Rd2 e5 18. Bg5 Be6 19. Qh4 Nf6 20. Bxe6 fxe6 21. Rfd1
d5 22. Qg3 Bd6 23. Bxf6 gxf6 24. Qh3 Be7 25. Nh4 Rg8 26. Qxe6 d4 27. Ne2 Rd6
28. Qb3 Rb6 29. Nf5 Bf8 30. h3 Nc6 1/2-1/2

[Event "Magistral de Elgoibar"]
[Site "Elgoibar ESP"]
[Date "2008.12.18"]
[Round "8.5"]
[White "Franco Alonso, Alejandro"]
[Black "Lariño Nieto, David"]
[Result "1/2-1/2"]
[WhiteElo "2490"]
[BlackElo "2469"]
[PlyCount "44"]
[EventDate "2008.12.12"]
[EventType "tourn"]
[EventRounds "9"]
[EventCountry "ESP"]
[EventCategory "10"]
[Source "lmi"]
[SourceDate "2008.12.12"]

1. d4 e6 2. c4 d5 3. Nf3 Nf6 4. g3 c5 5. cxd5 exd5 6. Bg2 Nc6 7. O-O Be7 8. Nc3
O-O 9. Bg5 cxd4 10. Nxd4 h6 11. Be3 Bg4 12. Qa4 Na5 13. Rad1 Nc4 14. Bc1 Nb6
15. Qb5 a6 16. Qd3 Qd7 17. b3 Rfe8 18. Bb2 Bc5 19. Rc1 Rac8 20. Rfd1 Bh3 21.
Bh1 Ng4 22. e3 Ne5 1/2-1/2